• 首页
  • 本馆介绍
  • 公告通知
  • 最新文献
  • 馆藏检索
  • 电子资源
  • 读者导购
  • 参考咨询
  • 我的图书馆
  • 登录
  • 详细信息显示
  • 放入我的书架
  • 预约/预借图书
  • 作者相关作品
  • 分类相关作品
  • 丛书相关作品
  • 出版社相关作品

书目信息

  • 表格格式
  • 工作单格式
  • 卡片格式
题名:
金融危机下的100条生存法则
    
 
作者: 陶涛 编著
分册:  
出版信息: 北京   中国言实出版社  2009
页数: 230页
开本: 24cm
丛书名:
单 册:
中图分类: F822.5 , TS976.15
科图分类:
主题词: 通货膨胀--研究--中国 , 家庭管理--财务管理 , 通货膨胀 , 家庭管理 , 财务管理
电子资源:
ISBN: 978-7-80250-274-1
000 01198nam0 2200301 45
001 1034552054
005 20100319083300.93
010    @a978-7-80250-274-1@dCNY29.80
100    @a20100311d2009 em y0chiy50 ea
101 0  @achi
102    @aCN@b110000
105    @aa z 000yy
106    @ar
200 1  @a金融危机下的100条生存法则@AJin Rong Wei Ji Xia De 100 Tiao Sheng Cun Fa Ze@e金融危机下,老百姓应该怎么办?@EJin Rong Wei Ji Xia, Lao Bai Xing Ying Gai Zen Me Ban?@f陶涛编著@FTao Tao Bian Zhu
210    @a北京@c中国言实出版社@d2009
215    @a230页@c图@d24cm
330    @a本书用通俗实用的方法告诉普通百姓如何在金融危机的影响下调节自己,并且将现代人所需要面对的生活层面逐个拆解,围绕心理、健康、职场、理财、家庭生活、情感、生活保障等多个方面,为每一个人打造属于自己的生存法则。
517 1  @a金融危机下,老百姓应该怎么办?@AJin Rong Wei Ji Xia, Lao Bai Xing Ying Gai Zen Me Ban?
606 0  @a通货膨胀@x研究@y中国
606 0  @a家庭管理@x财务管理
606 0  @a通货膨胀
606 0  @a家庭管理
606 0  @a财务管理
690    @aF822.5@v4
690    @aTS976.15@v4
701  0 @a陶涛@ATao Tao@4编著
801  0 @aCN@bTANGWEI@c20100319
905    @b0586192-94@dF822.5@e49@f3
    
    金融危机下的100条生存法则:金融危机下,老百姓应该怎么办?/陶涛编著.-北京:中国言实出版社,2009
    230页:图;24cm
    
    
    ISBN 978-7-80250-274-1:CNY29.80
    本书用通俗实用的方法告诉普通百姓如何在金融危机的影响下调节自己,并且将现代人所需要面对的生活层面逐个拆解,围绕心理、健康、职场、理财、家庭生活、情感、生活保障等多个方面,为每一个人打造属于自己的生存法则。
●
相关链接 在E读中查询图书 在五车中查询图书 在当当中查询图书 在豆瓣中查询图书


正题名:金融危机下的100条生存法则     索取号:F822.5/49         预约/预借

序号 登录号 条形码 馆藏地/架位号 状态 备注
1 0586192   205861922   第一样本阅览室/ [索取号:F822.5/49] 在馆    
2 0586193   205861931   密集书库-海洋学院/ [索取号:F822.5/49] 在馆    
3 0586194   205861940   第一借阅区/ [索取号:F822.5/49] 在馆    
唐山师范学院图书馆 欢迎您!
大连网信软件有限公司© 版权所有